Can the waste planning system deliver? (Record no. 103440)

MARC details
000 -LEADER
fixed length control field 01317cam a2200301 4500
001 - CONTROL NUMBER
control field J125595
008 - FIXED-LENGTH DATA ELEMENTS--GENERAL INFORMATION
fixed length control field 040326n2004 000 0 eng u
035 ## - SYSTEM CONTROL NUMBER
System control number (Sirsi) u125595
041 ## - LANGUAGE CODE
Language code of text/sound track or separate title eng
050 ## - LIBRARY OF CONGRESS CALL NUMBER
Classification number 614.76
-- 18
100 ## - MAIN ENTRY--PERSONAL NAME
Personal name Leach, Barbara
245 ## - TITLE STATEMENT
Title Can the waste planning system deliver?
260 ## - PUBLICATION, DISTRIBUTION, ETC.
Place of publication, distribution, etc. London
Name of publisher, distributor, etc. RICS
Date of publication, distribution, etc. 2004
490 ## - SERIES STATEMENT
Series statement RICS Research Report
520 ## - SUMMARY, ETC.
Summary, etc. The summary and full report of research commissioned by RICS and the South East England Regional Assembly (SEERA) to examine whether the planning system is capable of delivering the required waste management structure in England and Wales. The findings show that at present the planning system is not providing enough new capacity to cope with projected increases in waste generation. View at www.rics.org/mwm.
650 ## - SUBJECT ADDED ENTRY--TOPICAL TERM
Topical term or geographic name entry element WASTE PLANNING
650 ## - SUBJECT ADDED ENTRY--TOPICAL TERM
Topical term or geographic name entry element PLANNING SYSTEM
650 ## - SUBJECT ADDED ENTRY--TOPICAL TERM
Topical term or geographic name entry element DEVELOPMENT CONTROL
650 ## - SUBJECT ADDED ENTRY--TOPICAL TERM
Topical term or geographic name entry element LANDFILL SITES
650 ## - SUBJECT ADDED ENTRY--TOPICAL TERM
Topical term or geographic name entry element WASTE DISPOSAL
690 ## - LOCAL SUBJECT ADDED ENTRY--TOPICAL TERM (OCLC, RLIN)
Topical term or geographic name as entry element WASTE MANAGEMENT
700 ## - ADDED ENTRY--PERSONAL NAME
Personal name Potter, Alan
700 ## - ADDED ENTRY--PERSONAL NAME
Personal name Quinn, Cara
710 ## - ADDED ENTRY--CORPORATE NAME
Corporate name or jurisdiction name as entry element Royal Institution of Chartered Surveyors
9 (RLIN) 4900
710 ## - ADDED ENTRY--CORPORATE NAME
Corporate name or jurisdiction name as entry element South East England Regional Assembly
9 (RLIN) 4632
856 ## - ELECTRONIC LOCATION AND ACCESS
Uniform Resource Identifier <a href="https://www.rics.org/RICSWEB/getpage.aspx?p=SNMRYXDANEOhTuVQa8BO0A">https://www.rics.org/RICSWEB/getpage.aspx?p=SNMRYXDANEOhTuVQa8BO0A</a>
Public note View the research report on the RICS website...
942 ## - ADDED ENTRY ELEMENTS (KOHA)
Suppress in OPAC 0
Holdings
Withdrawn status Lost status Source of classification or shelving scheme Damaged status Not for loan Home library Current library Shelving location Date acquired Total Checkouts Full call number Barcode Date last seen Copy number Price effective from Koha item type
    Dewey Decimal Classification     Virtual Virtual Online 26/03/2004   ONLINE PUBLICATION 125595-2001 06/08/2019 1 06/08/2019 Book